Σολωμού ανέκδοτα έργα
Αποθηκεύτηκε σε:
| Κύριος συγγραφέας: | |
|---|---|
| Μορφή: | Βιβλίο |
| Γλώσσα: | Greek Italian |
| Δημοσίευση: |
Αθήνα :
Στοχαστής,
1927.
|
| Θέματα: | |
| Διαθέσιμο Online: | http://hdl.handle.net/11610/16814 |
| Ετικέτες: |
Προσθήκη ετικέτας
Δεν υπάρχουν, Καταχωρήστε ετικέτα πρώτοι!
|
MARC
| LEADER | 00000cam a2200000 i 4500 | ||
|---|---|---|---|
| 001 | 1/97478 | ||
| 008 | 081118s1927 gr || ||| ||gre|| | ||
| 035 | |l 10101728 | ||
| 040 | |a GR-MY-UA |b gre |e aacr | ||
| 041 | 0 | |a gre |a ita | |
| 082 | 7 | |a 889.2 |2 (22) | |
| 100 | 1 | |a Καιροφύλας, Κώστας, |d 1877-1961. | |
| 245 | 1 | 0 | |a Σολωμού ανέκδοτα έργα / |c Κ. Καιροφύλα. |
| 260 | |a Αθήνα : |b Στοχαστής, |c 1927. | ||
| 300 | |a 167 σ. : |b εικ. ; |c 30 εκ. | ||
| 500 | |a "Εξεδόθη μόνον εις χίλια αριθμημένα αντίτυπα". Το παράρτημα της Ρόδου διαθέτει το 729. | ||
| 504 | |a Περιλαμβάνει παροράματα. | ||
| 500 | |a Υπάρχει ψηφιακό αντίγραφο. | ||
| 600 | 1 | 0 | |a Σολωμός, Διονύσιος, |d 1798-1857. |
| 650 | 0 | 0 | |a Greek literature. |
| 650 | 0 | 0 | |a Greek poetry, Modern. |
| 852 | |a INST |b RHODES |c AKA |e 20081118 |h 889.2 ΚΑΙ |p 005400031112 |q 005400031112 |t BK |y 23 | ||
| 856 | |u http://hdl.handle.net/11610/16814 | ||
| 901 | |a BIBL4-2008-3 | ||
| 909 | |a Ρ |b 153625 | ||
| 970 | |a ΚΟΖΑ |b ΜΑΡΙΑ |z 2008-11-18 | ||